1965 NFL Pro Bowlers - Statistics

General Stats
  • This quiz has been taken 4 times
  • The average score is 9 of 70
Answer Stats
Position/Conference Answer Team % Correct
West Quarterback Fran Tarkenton Minnesota Vikings
100%
West Halfback Gale Sayers Chicago Bears
100%
East Fullback Jim Brown Cleveland Browns
100%
West Defensive End Deacon Jones Los Angeles Rams
67%
West Quarterback John Brodie San Francisco 49ers
67%
East Offensive Tackle Rosey Brown New York Giants
67%
West Defensive Tackle Alex Karras Detroit Lions
33%
West Fullback Bill Brown Minnesota Vikings
33%
East Defensive Tackle Bob Lilly Dallas Cowboys
33%
West Linebacker Dick Butkus Chicago Bears
33%
East Quarterback Frank Ryan Cleveland Browns
33%
West Flanker Jimmy Orr Baltimore Colts
33%
West Offensive Guard Jim Parker Baltimore Colts
33%
West Fullback Ken Willard San Francisco 49ers
33%
West Defensive Tackle Merlin Olsen Los Angeles Rams
33%
West Tight End Mike Ditka Chicago Bears
33%
East Quarterback Norm Snead Philadelphia Eagles
33%
East Halfback Timmy Brown Philadelphia Eagles
33%
East Offensive Tackle Bob Brown Philadelphia Eagles
0%
East Center Bob DeMarco St. Louis Cardinals
0%
East Left End Bob Hayes Dallas Cowboys
0%
West Offensive Tackle Bob Vogel Baltimore Colts
0%
West Left End Boyd Dowler Green Bay Packers
0%
West Center Bruce Bosley San Francisco 49ers
0%
East Halfback Charley Taylor Washington Redskins
0%
East Linebacker Chuck Howley Dallas Cowboys
0%
East Cornerback Cornell Green Dallas Cowboys
0%
East Linebacker Dale Meinert St. Louis Cardinals
0%
West Left End Dave Parks San Francisco 49ers
0%
West Cornerback Dick LeBeau Detroit Lions
0%
East Offensive Tackle Dick Schafrath Cleveland Browns
0%
West Defensive End Doug Atkins Chicago Bears
0%
West Safety Eddie Meador Los Angeles Rams
0%
East Offensive Tackle Ernie McMillan St. Louis Cardinals
0%
East Flanker Gary Ballman Pittsburgh Steelers
0%
East Flanker Gary Collins Cleveland Browns
0%
East Offensive Guard Gene Hickerson Cleveland Browns
0%
East Defensive End George Andrie Dallas Cowboys
0%
West Offensive Tackle Grady Alderman Minnesota Vikings
0%
West Cornerback Herb Adderley Green Bay Packers
0%
East Cornerback Irv Cross Philadelphia Eagles
0%
West Safety Jerry Logan Baltimore Colts
0%
East Kicker Jim Bakken St. Louis Cardinals
0%
East Linebacker Jim Houston Cleveland Browns
0%
East Center Jim Ringo Philadelphia Eagles
0%
West Linebacker Joe Fortunato Chicago Bears
0%
East Defensive Tackle Joe Rutgens Washington Redskins
0%
West Halfback John David Crow San Francisco 49ers
0%
West Offensive Guard John Gordy Detroit Lions
0%
West Tight End John Mackey Baltimore Colts
0%
East Offensive Guard John Wooten Cleveland Browns
0%
East Safety Larry Wilson St. Louis Cardinals
0%
West Linebacker Lee Roy Caffey Green Bay Packers
0%
East Linebacker Maxie Baughan Philadelphia Eagles
0%
East Safety Mel Renfro Dallas Cowboys
0%
West Center Mick Tingelhoff Minnesota Vikings
0%
East Cornerback Pat Fischer St. Louis Cardinals
0%
West Flanker Pat Studstill Detroit Lions
0%
East Safety Paul Krause Washington Redskins
0%
East Defensive End Paul Wiggin Cleveland Browns
0%
East Tight End Pete Retzlaff Philadelphia Eagles
0%
West Defensive Tackle Roger Brown Detroit Lions
0%
East Defensive Tackle Sam Silas St. Louis Cardinals
0%
East Left End Sonny Randle St. Louis Cardinals
0%
West Flanker Tommy McDonald Los Angeles Rams
0%
East Fullback Tucker Frederickson New York Giants
0%
West Offensive Tackle Walt Rock San Francisco 49ers
0%
West Linebacker Wayne Walker Detroit Lions
0%
West Defensive End Willie Davis Green Bay Packers
0%
West Safety Willie Wood Green Bay Packers
0%
No matching quizzes found
Score Distribution
Percent of People with Each Score
Percentile by Number Answered
Your Score History
You have not taken this quiz